000 00640nam a22002057a 4500
003 OSt
005 20160518185422.0
008 160518b xxu||||| |||| 00| 0 eng d
020 _a971-30-1267-4
040 _cLIC
082 _22006
_aDFil 664.0091
_bF73
245 _aFood technology/
_cedited by Sonia Y. De Leon and Farah R. Galvez.
260 _aManila:
_bMerriam & Webster Book Store, Inc.,
_cc2006.
300 _axi, 247 pages:
_billustrations;
_c25 cm.
500 _aIncludes index.
650 0 _98562
_aFood industry and trade.
700 _98565
_aDe Leon, Sonia Y.
_eeditor
700 _98566
_aGalvez, Farah R.
942 _2ddc
_cDFIL
999 _c2593
_d2593